| 000 | 00557nam a22001937a 4500 | ||
|---|---|---|---|
| 003 | OSt | ||
| 005 | 20140310182510.0 | ||
| 008 | 130808t xxu||||| |||| 00| 0 eng d | ||
| 020 | _a9789716780277 | ||
| 050 |
_a PL 5531.5 _b.J83 2008 |
||
| 100 |
_aJose, F. Sionil _98984 |
||
| 245 |
_aTo the young writer and other essays / _cF. Sionil Jose |
||
| 260 |
_aManila, Philippines : _bFar Eastern University, _cc2008. |
||
| 300 |
_a83 p. ; _c23 cm. |
||
| 650 |
_aAuthorship _98985 |
||
| 650 |
_aPhilippine Essays _98986 |
||
| 942 |
_2lcc _cSSLC |
||
| 999 |
_c13896 _d13896 |
||